Biodiversidad en el Parque Nacional Llanganates : (Registro nro. 4087)

Detalles MARC
000 -CABECERA
Campo de control 00826nam a2200229 i 4500
005 - FECHA Y HORA DE LA ULTIMA TRANSACCION
Campo de control 20160220105603.0
008 - ELEMENTOS DE LONGITUD FIJA—INFORMACION GENERAL
Campo de control 140313b2000 ec ||||| |||| 00| 0 spa d
040 ## - FUENTE DE CATALOGACIÓN
Agencia catalogadora original CO-BoIAVH
Agencia transcriptora CO-BoIAVH
041 ## - IDIOMA
Código de idioma para texto/pista de sonido o título separado Español
044 ## - PAÍS DE PUBLICACIÓN
País de publicación Ecuador
082 04 - NUMERO DE CLASIFICACION DECIMAL DEWEY
Número de clasificación 333.783
Número del ítem B61b
245 00 - MENCION DE TITULO
Título Biodiversidad en el Parque Nacional Llanganates :
Parte restante del título un aporte de las evaluaciones ecológicas y socioeconómicas rápidas /
Mención de responsabilidad editado por Miguel A. Vázquez, Mario Larrea, Luis Suárez.
260 ## - PUBLICACION, DISTRIBUCION, ETC. (PIE DE IMPRENTA)
Lugar de publicación, distribución, etc. Quito :
Nombre del editor, distribuidor, etc. EcoCiencia,
Fecha de publicación, distribución, etc. 2000.
300 ## - DESCRIPCION FISICA
Extensión 203 p.
650 14 - ASIENTO SECUNDARIO DE MATERIA - TERMINO TEMATICO
Término temático o nombre geográfico como elemento de entrada Parques naturales
Subdivisión geográfica Ecuador.
9 (RLIN) 61654
651 ## - ASIENTO SECUNDARIO DE MATERIA - NOMBRE GEOGRAFICO
Nombre geográfico Parque Nacional Llanganates (Ecuador)
9 (RLIN) 49305
700 1# - ASIENTO SECUNDARIO - NOMBRE PERSONAL
Nombre personal Larrea, Mario,
Término de relación editor.
9 (RLIN) 21423
700 1# - ASIENTO SECUNDARIO - NOMBRE PERSONAL
Nombre personal Vázquez, Miguel A.,
Término de relación editor.
9 (RLIN) 21422
700 1# - ASIENTO SECUNDARIO - NOMBRE PERSONAL
Nombre personal Suárez, Luis,
Término de relación editor.
9 (RLIN) 1942
942 ## - ELEMENTOS ADICIONALES (KOHA)
Tipo de ítem Libro
Sistema de clasificación Dewey Decimal Classification
945 ## - PROCESAMIENTO LOCAL
AAAA-MM-DD - Fecha de ingreso o modificacion 2004-08-19
Existencias
Withdrawn status Lost status Sistema de Clasificación Damaged status No para préstamo Colección Inventariado Ubicación Permanente Ubicación actual Fecha de adquisición Fuente de Valor Valor Total Checkouts Número topográfico Inventario / Código de Barras Date last seen Ejemplar Price effective from Forma de adquisición Tipo de material
    Dewey Decimal Classification     General Inventariado 2017 Bogotá Bogotá 19/08/2004 Instituto 30000.00   LB-333.783 B61b 016497 04/12/2012 Ej. 1 04/12/2012   Libro